| 000 | 00999nam0a22002531 4500 | ||
|---|---|---|---|
| 001 | rc\4515160 | ||
| 005 | 20250611190032.0 | ||
| 035 | _a(NLR Aleph) 008348620 | ||
| 090 |
_a8923073 _c8923073 |
||
| 100 | _a20130416d1962 |||y0rusy50 ca | ||
| 101 | 0 | _arus | |
| 102 | _aRU | ||
| 105 | _aa z ||||| | ||
| 200 | 1 |
_aМетодика расчета элементов полета самолетов с поршневыми двигателями при заходе на посадку при системе ОСП (СП-50) _eУчеб. пособие _fВысш. авиац. училище ГВФ |
|
| 210 |
_aЛенинград _cБ. и. _d1962 |
||
| 215 |
_a53 с., 1 л. черт. _cчерт. _d21 |
||
| 333 | _aРассылается по списку. Экз. № 3 | ||
| 700 | 1 |
_aКартамышев _bП.В. _gПетр Васильевич |
|
| 701 | 1 |
_aМотренко _bС.С. |
|
| 801 | 0 |
_aRU _bNLR _gpsbo |
|
| 801 | 1 |
_aRU _bELAR _2rusmarc |
|
| 852 |
_aNLR _j63-4/3485 |
||
| 942 | _cBOOK | ||
| 980 | _aNB | ||